Your Mother Was a Neanderthal (Record no. 11688)

MARC details
000 -LEADER
fixed length control field 00265nam a22000977a 4500
008 - FIXED-LENGTH DATA ELEMENTS--GENERAL INFORMATION
fixed length control field 191203b ||||| |||| 00| 0 eng d
020 ## - INTERNATIONAL STANDARD BOOK NUMBER
International Standard Book Number 9780670844814
100 ## - MAIN ENTRY--PERSONAL NAME
Personal name Scieszka Jon
9 (RLIN) 7387
245 ## - TITLE STATEMENT
Title Your Mother Was a Neanderthal
260 ## - PUBLICATION, DISTRIBUTION, ETC. (IMPRINT)
Place of publication, distribution, etc. New York
Name of publisher, distributor, etc. Penguin group
Date of publication, distribution, etc. 1993
Holdings
Withdrawn status Lost status Source of classification or shelving scheme Damaged status Koha normalized classification for sorting Not for loan Home library Current library Shelving location Date acquired Total Checkouts Full call number Barcode Date last seen Date last checked out Price effective from Koha item type
    Dewey Decimal Classification   SCI_813_540000000000000_N1   Good Samaritan School Library Good Samaritan School Library FICTION 12/03/2019 1 SCI813.54 N-1 SCI15728 01/24/2025 12/12/2024 12/03/2019 BOOK

Powered by Koha